Tolkien : (Record no. 357407)
[ view plain ]
| 000 -LEADER | |
|---|---|
| fixed length control field | 00749nam a2200241Ia 4500 |
| 008 - FIXED-LENGTH DATA ELEMENTS--GENERAL INFORMATION | |
| fixed length control field | 180523s9999 xx 000 0 und d |
| 020 ## - INTERNATIONAL STANDARD BOOK NUMBER | |
| International Standard Book Number | 1-4039-1263-7 |
| 050 ## - LIBRARY OF CONGRESS CALL NUMBER | |
| Classification number | MAIN PR 6039.O32 |
| 050 ## - LIBRARY OF CONGRESS CALL NUMBER | |
| Item number | .R67 2003 |
| 100 ## - MAIN ENTRY--PERSONAL NAME | |
| Personal name | Rosebury, Brian. |
| 245 #0 - TITLE STATEMENT | |
| Title | Tolkien : |
| 245 #2 - TITLE STATEMENT | |
| Remainder of title | a cultural phenomenon / |
| 245 #0 - TITLE STATEMENT | |
| Statement of responsibility, etc | Brian Rosebury. |
| 260 ## - PUBLICATION, DISTRIBUTION, ETC. (IMPRINT) | |
| Place of publication, distribution, etc | Great Britain : |
| 260 ## - PUBLICATION, DISTRIBUTION, ETC. (IMPRINT) | |
| Name of publisher, distributor, etc | Palgrave Macmillan, |
| 260 ## - PUBLICATION, DISTRIBUTION, ETC. (IMPRINT) | |
| Date of publication, distribution, etc | 2003 |
| 300 ## - PHYSICAL DESCRIPTION | |
| Extent | 246 pages : |
| 300 ## - PHYSICAL DESCRIPTION | |
| Dimensions | 21 cm. |
| 500 ## - GENERAL NOTE | |
| General note | Includes bibliographical references and index. |
| 650 ## - SUBJECT ADDED ENTRY--TOPICAL TERM | |
| Topical term or geographic name as entry element | Middle Earth (Imaginary place). |
| 650 ## - SUBJECT ADDED ENTRY--TOPICAL TERM | |
| Topical term or geographic name as entry element | Tolkien, J. R. R. (John Ronald Reuel), 1892-1973 -- Cristicism and interpretation. |
| 650 ## - SUBJECT ADDED ENTRY--TOPICAL TERM | |
| General subdivision | Fantasy literature, English -- History and criticism |
| Withdrawn status | Lost status | Damaged status | Home library | Current library | Shelving location | Date acquired | Total Checkouts | Full call number | Barcode | Date last seen | Price effective from | Koha item type |
|---|---|---|---|---|---|---|---|---|---|---|---|---|
| South Mansfield College | South Mansfield College | 03/07/2005 | MAIN PR 6039.O32 .R67 2003 | SMC00824 | 05/23/2018 | 05/23/2018 |